Schaum`s Outline of Theory & Problems of Applied Physics (Record no. 1802)
[ view plain ]
| 000 -LEADER | |
|---|---|
| fixed length control field | 00418nam a2200169Ia 4500 |
| 008 - FIXED-LENGTH DATA ELEMENTS--GENERAL INFORMATION | |
| fixed length control field | 221030s9999 xx 000 0 und d |
| 020 ## - INTERNATIONAL STANDARD BOOK NUMBER | |
| ISBN | 0070590362 |
| 041 ## - LANGUAGE CODE | |
| Language code of text/sound track or separate title | |
| 082 ## - DEWEY DECIMAL CLASSIFICATION NUMBER | |
| Classification number | 105.23 |
| Item number | Bei |
| 100 ## - MAIN ENTRY--AUTHOR NAME | |
| Personal name | A. Beiser |
| 245 #0 - TITLE STATEMENT | |
| Title | Schaum`s Outline of Theory & Problems of Applied Physics |
| Statement of responsibility, etc | by A. Beiser |
| 250 ## - EDITION STATEMENT | |
| Edition statement | 4th |
| 260 ## - PUBLICATION, DISTRIBUTION, ETC. (IMPRINT) | |
| Name of publisher | TMH |
| Place of publication | New Delhi |
| Year of publication | 2004 |
| 300 ## - PHYSICAL DESCRIPTION | |
| Number of Pages | 465 |
| 650 ## - SUBJECT ADDED ENTRY--TOPICAL TERM | |
| Topical Term | Physics |
| 942 ## - ADDED ENTRY ELEMENTS (KOHA) | |
| Koha item type | Books |
| Accession Number | Cost, normal purchase price | Full call number | Price effective from | Koha item type | Withdrawn / writtenoff status | Materials specified (bound volume or other part) | Damaged status | Not for loan | Permanent Location | Current Location | Shelving location | Date acquired | Lost/ Missing status | department |
|---|---|---|---|---|---|---|---|---|---|---|---|---|---|---|
| BE 8690 | 235.00 | 105.23 Bei | 10/30/2022 | Books | Not For Loan | MIET Library, Jammu | MIET Library, Jammu | BL-Second, FL-1, CUP-153, SH-4, R-4 | 11/20/2006 | BE | ||||
| BE 8691 | 465.00 | 105.23 Bei | 10/30/2022 | Books | MIET Library, Jammu | MIET Library, Jammu | BL-Academic Block - C, FL-2, CUP-7, SH-6, R-6 | 11/20/2006 | BE | |||||
| BE 8692 | 235.00 | 105.23 Bei | 10/30/2022 | Books | MIET Library, Jammu | MIET Library, Jammu | BL-Academic Block - C, FL-2, CUP-7, SH-5, R-5 | 11/20/2006 | BE | |||||
| BE 8693 | 235.00 | 105.23 Bei | 10/30/2022 | Books | MIET Library, Jammu | MIET Library, Jammu | BL-Academic Block - C, FL-2, CUP-7, SH-6, R-6 | 11/20/2006 | BE | |||||
| BE 8694 | 235.00 | 105.23 Bei | 10/30/2022 | Books | MIET Library, Jammu | MIET Library, Jammu | BL-Academic Block - 6, FL-2, CUP-7, SH-6, R-6 | 11/20/2006 | BE |